[Event "SVK 3.liga A2"]
[Site "?"]
[Date "2019.10.06"]
[Round "1.1"]
[White "Provaznik, Michal"]
[Black "Kavon, Rastislav"]
[Result "1-0"]
[WhiteElo "2163"]
[BlackElo "2184"]
[PlyCount "69"]
[EventDate "2019.10.06"]

1. b3 Nf6 2. Bb2 g6 3. Nf3 Bg7 4. e3 O-O 5. Be2 c5 6. O-O Nc6 7. d4 cxd4 8.
exd4 d5 9. Nbd2 Bg4 10. h3 Bxf3 11. Nxf3 Rc8 12. c4 e6 13. Re1 Qe7 14. a3 b6
15. Bd3 Rfd8 16. Rc1 Qb7 17. c5 Nd7 18. Qc2 Ne7 19. b4 bxc5 20. dxc5 Bxb2 21.
Qxb2 Nxc5 22. Bc2 Nd7 23. h4 h5 24. Ng5 Qb6 25. Ba4 Rxc1 26. Rxc1 d4 27. Qe2
Qd6 28. Qf3 Ne5 29. Qb7 d3 30. Ne4 Qd4 31. Qxe7 Ng4 32. Be8 Ne5 33. Ng5 Qf4 34.
Rc4 Qxc4 35. Bxf7+ 1-0

[Event "SVK 3.liga A2"]
[Site "?"]
[Date "2019.10.06"]
[Round "1.1"]
[White "Kozinka, Roman"]
[Black "Sobek, Michal"]
[Result "1/2-1/2"]
[WhiteElo "1954"]
[BlackElo "2052"]
[PlyCount "43"]
[EventDate "2019.10.06"]

1. d4 Nf6 2. Bg5 e6 3. Nf3 c5 4. e3 Nc6 5. Nbd2 cxd4 6. exd4 Be7 7. c3 d5 8.
Bd3 Bd7 9. O-O Rc8 10. Ne5 Nxe5 11. dxe5 Ng8 12. Be3 Qc7 13. Qg4 Bf8 14. f4 Nh6
15. Qf3 Bc5 16. Nb3 Bxe3+ 17. Qxe3 b6 18. Nd4 O-O 19. Rae1 Qc5 20. Kh1 b5 21.
a3 a5 22. Nb3 1/2-1/2

[Event "SVK 3.liga A2"]
[Site "?"]
[Date "2019.10.06"]
[Round "1.1"]
[White "Horak, Ivan"]
[Black "Skreko, Igor"]
[Result "1-0"]
[WhiteElo "2029"]
[BlackElo "1793"]
[PlyCount "78"]
[EventDate "2019.10.06"]

1. e4 c5 2. b3 d6 3. Bb2 Nf6 4. Nc3 e6 5. f4 Be7 6. Nf3 Nc6 7. Bb5 Qc7 8. Qe2
a6 9. Bxc6+ Qxc6 10. d4 cxd4 11. Nxd4 Qc7 12. O-O-O b5 13. a3 Bb7 14. Rhe1 Rc8
15. Kb1 Nd7 16. g4 Nb8 17. g5 Nc6 18. Ndxb5 axb5 19. Nxb5 Qd8 20. Bxg7 Rg8 21.
Bb2 Ra8 22. Nxd6+ Bxd6 23. e5 Qa5 24. exd6 Kd7 25. Qh5 Qf5 26. h4 Rgc8 27. Qe2
Na5 28. Qd3 Qxd3 29. Rxd3 Ra6 30. Be5 Ba8 31. Kb2 Nb7 32. c4 Nc5 33. Rde3 Rb6
34. b4 Na6 35. Rc1 Nb8 36. c5 Rb7 37. Rb3 Nc6 38. b5 Na5 39. Rb4 Kd8 1-0

[Event "SVK 3.liga A2"]
[Site "?"]
[Date "2019.10.06"]
[Round "1.1"]
[White "Longauer, Jan"]
[Black "Sefcik, Marek"]
[Result "1-0"]
[WhiteElo "1788"]
[BlackElo "2010"]
[PlyCount "113"]
[EventDate "2019.10.06"]

1. e4 c6 2. Nc3 d5 3. Nf3 Bg4 4. h3 Bxf3 5. Qxf3 e6 6. Qg3 Nf6 7. d3 Qb6 8. Be2
d4 9. Nb1 c5 10. Nd2 Nbd7 11. O-O Qd6 12. f4 Qc7 13. a4 g6 14. c3 dxc3 15. bxc3
Bg7 16. e5 Nd5 17. Ne4 O-O 18. Bd2 c4 19. d4 a5 20. Qh4 Rfd8 21. g4 f5 22. Ng5
Nf8 23. gxf5 exf5 24. Kh2 Rac8 25. Rfb1 h6 26. Nf3 Ne6 27. Rb5 b6 28. Qg3 Kh7
29. Nh4 Qf7 30. Bf3 Nec7 31. Rb2 Qe6 32. Rg1 Ne7 33. Bh5 Rg8 34. Bxg6+ Kh8 35.
Qe1 Ncd5 36. Bc1 Bf6 37. Rbg2 Nxg6 38. Nxg6+ Kh7 39. h4 Bd8 40. h5 Rc6 41. Qg3
Qf7 42. Qf3 Be7 43. Rg3 Rcc8 44. Qg2 Rcd8 45. Qe2 Rc8 46. Qg2 Qe6 47. Bd2 Rce8
48. Bc1 Rd8 49. Qa2 Qc6 50. R1g2 Rde8 51. Bd2 Rc8 52. Rg1 Rce8 53. Rb1 Bd8 54.
Rb5 Nc7 55. Rb2 Nd5 56. Qb1 Qe6 57. Rb5 1-0

[Event "SVK 3.liga A2"]
[Site "?"]
[Date "2019.10.06"]
[Round "1.1"]
[White "Jakubec, Milan"]
[Black "Lopatievov, Alexander"]
[Result "1-0"]
[WhiteElo "1978"]
[BlackElo "1846"]
[PlyCount "83"]
[EventDate "2019.10.06"]

1. e4 c6 2. d4 d5 3. Nc3 dxe4 4. Nxe4 Bf5 5. Ng3 Bg6 6. Nf3 Nd7 7. Bc4 e6 8.
O-O Bd6 9. Re1 Ne7 10. Nh4 Nb6 11. Bb3 Qc7 12. Nxg6 hxg6 13. c4 Bf4 14. Qf3 g5
15. Bxf4 gxf4 16. Ne4 O-O-O 17. c5 Nbd5 18. Nd6+ Rxd6 19. cxd6 Qxd6 20. g3 g5
21. Qg4 Rg8 22. Qh5 fxg3 23. hxg3 Rf8 24. Qxg5 Nf5 25. Rad1 f6 26. Qg4 Rf7 27.
Qg8+ Qf8 28. Qxf8+ Rxf8 29. Rxe6 Kd7 30. Bxd5 cxd5 31. Re2 Rc8 32. Kg2 Rc4 33.
Red2 Nd6 34. f3 a5 35. g4 a4 36. Kg3 Rb4 37. a3 Rb3 38. Rh2 Nc4 39. Rc1 Rd3 40.
Kf4 Nd6 41. Rh7+ Ke8 42. Rcc7 1-0

[Event "SVK 3.liga A2"]
[Site "?"]
[Date "2019.10.06"]
[Round "1.1"]
[White "Ganz, Marek"]
[Black "Simkovic, Eduard"]
[Result "0-1"]
[WhiteElo "1634"]
[BlackElo "1877"]
[PlyCount "84"]
[EventDate "2019.10.06"]

1. e4 e5 2. Nf3 Nc6 3. Bc4 Be7 4. c3 Nf6 5. d3 O-O 6. O-O d6 7. Re1 Bg4 8. Nbd2
h6 9. Nf1 Na5 10. Bb5 c6 11. Ba4 b5 12. Bc2 Nh7 13. h3 Bxf3 14. Qxf3 Ng5 15.
Qe2 Ne6 16. Qg4 Bg5 17. Ne3 Kh8 18. b4 Nb7 19. Bb3 Qf6 20. a4 a6 21. Re2 g6 22.
Rea2 h5 23. Qe2 Nc7 24. axb5 Nxb5 25. Rxa6 Rxa6 26. Rxa6 Nxc3 27. Qb2 Nb5 28.
Rxc6 Nd4 29. Rc7 Nd8 30. Ba4 N8e6 31. Rd7 Rc8 32. Bd2 Nf4 33. Bd1 Nxd3 34. Ng4
hxg4 35. Bxg5 Qxg5 36. Qa2 gxh3 37. g3 h2+ 38. Kh1 Rc1 39. Kxh2 Rxd1 40. Qa8+
Kg7 41. Rxf7+ Kxf7 42. Qd5+ Kg7 0-1

[Event "SVK 3.liga A2"]
[Site "?"]
[Date "2019.10.06"]
[Round "1.1"]
[White "Husek, Lubomir"]
[Black "Gajarsky, Julius"]
[Result "1-0"]
[WhiteElo "1885"]
[BlackElo "1698"]
[PlyCount "75"]
[EventDate "2019.10.06"]

1. e4 c5 2. d4 cxd4 3. Nf3 Nc6 4. Nxd4 e5 5. Nb5 d6 6. N1c3 a6 7. Na3 b5 8. Nd5
Be6 9. c3 Nf6 10. Bg5 Be7 11. Bxf6 gxf6 12. Nc2 f5 13. exf5 Bxf5 14. Nce3 Bg6
15. Be2 h5 16. O-O Rb8 17. Qd2 Bg5 18. f4 exf4 19. Nxf4 Qe7 20. Ned5 Qe5 21.
Rae1 Bxf4 22. Rxf4 O-O 23. Bf3 Qg5 24. Nf6+ Kh8 25. Nd7 Rfe8 26. Bxc6 Rxe1+ 27.
Qxe1 Rd8 28. Rd4 Bf5 29. Nb6 Rb8 30. Nd5 Rc8 31. Ne7 Rd8 32. Nxf5 Qxf5 33. Qe4
Qg5 34. Qe1 Qc5 35. Bd5 Qa7 36. Qe2 Kg7 37. Qf2 Re8 38. Rg4+ 1-0

[Event "SVK 3.liga A2"]
[Site "?"]
[Date "2019.10.06"]
[Round "1.1"]
[White "Libich, Oliver"]
[Black "Hrubos, Milan"]
[Result "0-1"]
[WhiteElo "1279"]
[BlackElo "1765"]
[PlyCount "52"]
[EventDate "2019.10.06"]

1. d4 d5 2. c4 c6 3. Nf3 Nf6 4. Nc3 a6 5. Bg5 e6 6. e3 h6 7. Bh4 Be7 8. Be2
dxc4 9. Bxc4 b5 10. Bb3 Nbd7 11. O-O Bb7 12. a3 O-O 13. Rc1 Rc8 14. Qe2 c5 15.
dxc5 Nxc5 16. Rfd1 Nfd7 17. Bxe7 Qxe7 18. Ba2 Nf6 19. b4 Nce4 20. Nxe4 Nxe4 21.
Nd4 Nc3 22. Rxc3 Rxc3 23. Qb2 Rfc8 24. Bb1 Qg5 25. f4 Qg4 26. Re1 Rc2 0-1

[Event "SVK 3.liga A2"]
[Site "?"]
[Date "2019.10.06"]
[Round "1.2"]
[White "Spacek, Oliver"]
[Black "Lanc, Alois"]
[Result "0-1"]
[WhiteElo "2188"]
[BlackElo "2284"]
[PlyCount "102"]
[EventDate "2019.10.06"]

1. d4 g6 2. e4 Bg7 3. h4 d5 4. e5 c5 5. c3 h5 6. Be3 Nh6 7. f3 Nc6 8. Bb5 a6 9.
Bxc6+ bxc6 10. Ne2 Rb8 11. Qa4 Qc7 12. b4 c4 13. Nd2 O-O 14. O-O Bf5 15. Rfe1
a5 16. a3 Ra8 17. Qd1 Ra7 18. Nf1 Rfa8 19. Rc1 axb4 20. axb4 Ra2 21. Nfg3 Bd7
22. Rc2 R2a3 23. Qd2 Nf5 24. Bf4 Qa7 25. Nxf5 Bxf5 26. Rcc1 Ra2 27. Qe3 Bd3 28.
e6 f6 29. Bh6 Bxe2 30. Bxg7 Kxg7 31. Rxe2 Rxe2 32. Qxe2 Qc7 33. Rb1 Ra3 34. Qb2
Rb3 35. Qc2 Rxb1+ 36. Qxb1 Qg3 37. Qa1 Qxh4 38. Qc1 Qg3 39. Kf1 h4 40. Qe3 g5
41. Qe2 h3 42. gxh3 Qxh3+ 43. Kg1 Qg3+ 44. Kf1 Qf4 45. Kg2 f5 46. Qe1 g4 47.
fxg4 Qxg4+ 48. Kh2 Qf4+ 49. Kh3 Kf6 50. Qa1 Qe3+ 51. Kh4 f4 0-1

[Event "SVK 3.liga A2"]
[Site "?"]
[Date "2019.10.06"]
[Round "1.2"]
[White "Nicolini, Alexander"]
[Black "Gzib, David"]
[Result "1/2-1/2"]
[WhiteElo "2150"]
[BlackElo "1957"]
[PlyCount "96"]
[EventDate "2019.10.06"]

1. e4 c5 2. Nf3 d6 3. c3 Nf6 4. Bd3 Nc6 5. Bc2 e5 6. h3 Be7 7. O-O O-O 8. Re1
b5 9. a3 a5 10. d4 Qb6 11. Be3 Ba6 12. d5 Nb8 13. b4 Nbd7 14. Nbd2 Qc7 15. Nb3
a4 16. Na5 c4 17. Nc6 Nb8 18. Nxe7+ Qxe7 19. Nh2 Nbd7 20. Qf3 Bc8 21. Kh1 Ne8
22. Re2 g6 23. g4 g5 24. Nf1 Ng7 25. Ng3 h6 26. Kg2 f6 27. Rh1 Kf7 28. Ree1 Ke8
29. Qe2 Rh8 30. Rh2 Nf8 31. Nf5 Bxf5 32. exf5 Nd7 33. Reh1 Kf7 34. h4 Rhg8 35.
hxg5 hxg5 36. Rh7 Nf8 37. R7h6 Nd7 38. R1h3 Rae8 39. Be4 Qd8 40. Qf3 Rh8 41.
Qg3 Rxh6 42. Rxh6 Rh8 43. Qh3 Rxh6 44. Qxh6 Nf8 45. Kf3 Qe7 46. Ke2 Qd8 47. Qh8
Qe7 48. Bb6 Qe8 1/2-1/2

[Event "SVK 3.liga A2"]
[Site "?"]
[Date "2019.10.06"]
[Round "1.2"]
[White "Cajka, Tibor"]
[Black "Szitkey, Milan"]
[Result "1-0"]
[WhiteElo "2113"]
[BlackElo "2057"]
[PlyCount "73"]
[EventDate "2019.10.06"]

1. Nf3 Nf6 2. g3 d5 3. Bg2 g6 4. O-O Bg7 5. c4 dxc4 6. Qa4+ c6 7. Qxc4 O-O 8.
d4 Nbd7 9. Nc3 Nb6 10. Qd3 Be6 11. Rd1 Qc8 12. e4 Rd8 13. Qc2 Bg4 14. a4 Ne8
15. a5 Nd7 16. h3 Bxf3 17. Bxf3 e5 18. d5 Ndf6 19. Bg2 Nd6 20. Qa4 cxd5 21.
exd5 h6 22. Qh4 Nf5 23. Qa4 Ne8 24. Ne4 Ned6 25. Nxd6 Rxd6 26. Bd2 Qe8 27. Bb4
Rd7 28. Bc5 Nd4 29. d6 Bf8 30. a6 b5 31. Qb4 Rad8 32. Rxd4 exd4 33. Re1 Qxe1+
34. Qxe1 Bxd6 35. b4 d3 36. Qd2 Bc7 37. Bc6 1-0

[Event "SVK 3.liga A2"]
[Site "?"]
[Date "2019.10.06"]
[Round "1.2"]
[White "Felcir, Jaroslav"]
[Black "Diviak, Rastislav"]
[Result "0-1"]
[WhiteElo "2159"]
[BlackElo "1997"]
[PlyCount "100"]
[EventDate "2019.10.06"]

1. e4 d6 2. d4 Nf6 3. Nc3 g6 4. f4 Bg7 5. Nf3 O-O 6. Bc4 c5 7. e5 Ng4 8. dxc5
dxe5 9. Qxd8 Rxd8 10. h3 Nh6 11. Nxe5 Na6 12. Be3 Nb4 13. Rc1 Nf5 14. Bf2 Be6
15. Bxe6 fxe6 16. a3 Nc6 17. Nf3 Nfd4 18. Nxd4 Nxd4 19. Ne4 Bh6 20. g3 e5 21.
Ng5 exf4 22. gxf4 e5 23. Be3 exf4 24. Bxf4 Bxg5 25. Bxg5 Nf3+ 26. Ke2 Nxg5 27.
b4 Re8+ 28. Kd3 Rad8+ 29. Kc4 a6 30. a4 Re4+ 31. Kb3 Re3+ 32. c3 Rdd3 33. Rhd1
Nxh3 34. Kc4 Nf4 35. Rxd3 Nxd3 36. Kd4 Nxc1 37. Kxe3 Kf7 38. b5 axb5 39. c6
bxc6 40. a5 Na2 41. Kd3 b4 42. a6 b3 43. a7 b2 44. Kc2 Nxc3 45. Kxb2 Na4+ 46.
Kb3 Nb6 47. Kb4 Ke7 48. Kc5 Na8 49. Kxc6 Kd8 50. Kb7 Nc7 0-1

[Event "SVK 3.liga A2"]
[Site "?"]
[Date "2019.10.06"]
[Round "1.2"]
[White "Pericka, Tomas"]
[Black "Mosny, Jaroslav"]
[Result "0-1"]
[WhiteElo "1955"]
[BlackElo "1882"]
[PlyCount "68"]
[EventDate "2019.10.06"]

1. e4 e5 2. f4 d5 3. exd5 e4 4. Bc4 Nf6 5. Nc3 Bc5 6. d4 exd3 7. Qxd3 O-O 8.
Nge2 Bg4 9. Be3 Bxe2 10. Nxe2 Bxe3 11. Qxe3 Nxd5 12. Qf3 Nb6 13. Bd3 Nc6 14.
O-O Qf6 15. Qe4 Qh6 16. Rf3 Rfe8 17. Qf5 Rad8 18. Rh3 Qg6 19. Qb5 Rxd3 20. f5
Qg4 21. Rxd3 Qxe2 22. f6 Qe5 23. a4 a6 24. Qxe5 Rxe5 25. fxg7 Kxg7 26. Rf1 f6
27. c3 Re2 28. a5 Nc4 29. Rg3+ Kf7 30. Rh3 Ne3 31. Rff3 Ng4 32. Kf1 Rxb2 33.
Rxh7+ Kg6 34. Rxc7 Nxh2+ 0-1

[Event "SVK 3.liga A2"]
[Site "?"]
[Date "2019.10.06"]
[Round "1.2"]
[White "Doucha, Ludvig"]
[Black "Spacek, Marcel"]
[Result "0-1"]
[WhiteElo "1828"]
[BlackElo "1806"]
[PlyCount "66"]
[EventDate "2019.10.06"]

1. d4 g6 2. c4 Bg7 3. Nf3 d6 4. Nc3 f5 5. Bf4 Nf6 6. h3 O-O 7. Qd2 Re8 8. O-O-O
Nbd7 9. Bh6 Bh8 10. d5 Nc5 11. Ng5 c6 12. f3 b5 13. cxb5 cxb5 14. Nxb5 Bd7 15.
Nc3 Qa5 16. Kb1 Rab8 17. Rc1 Rec8 18. Rc2 Na6 19. Nd1 Qa4 20. g4 Nb4 21. Rxc8+
Bxc8 22. Nc3 Qa5 23. e4 Nxa2 24. Kc2 Nd7 25. Bc4 Rxb2+ 26. Kxb2 Bxc3+ 27. Qxc3
Qxc3+ 28. Kxa2 Qxc4+ 29. Kb2 Qd4+ 30. Kc2 Ba6 31. Rd1 Qc4+ 32. Kb2 Qe2+ 33. Kc1
Nc5 0-1

[Event "SVK 3.liga A2"]
[Site "?"]
[Date "2019.10.06"]
[Round "1.2"]
[White "Sadlon, Juraj"]
[Black "Klanica, Anton"]
[Result "1/2-1/2"]
[WhiteElo "1895"]
[BlackElo "1834"]
[PlyCount "113"]
[EventDate "2019.10.06"]

1. e4 e6 2. d4 d5 3. exd5 exd5 4. Bd3 Bd6 5. Ne2 Bg4 6. f3 Be6 7. Bf4 c6 8. Nd2
Qc7 9. Bxd6 Qxd6 10. c3 Ne7 11. Nf1 Bf5 12. Nfg3 Bxd3 13. Qxd3 Nd7 14. O-O-O
O-O-O 15. Nf5 Qf6 16. Neg3 g6 17. Nxe7+ Qxe7 18. Rde1 Qg5+ 19. Qe3 Qxe3+ 20.
Rxe3 Rde8 21. Rhe1 Rxe3 22. Rxe3 Kd8 23. Kd2 Nf6 24. Kd3 h5 25. h4 Kd7 26. Ne2
Rg8 27. Re5 Kd6 28. Nf4 Nd7 29. Rg5 Re8 30. g4 hxg4 31. fxg4 Re4 32. Nxd5 cxd5
33. Rxd5+ Kxd5 34. c4+ Ke6 35. Kxe4 f5+ 36. gxf5+ gxf5+ 37. Kf4 a6 38. Kg5 Nf8
39. h5 Nh7+ 40. Kf4 Kf6 41. b4 Ng5 42. d5 Nh3+ 43. Kg3 Ng5 44. Kf4 Nh3+ 45. Ke3
Ke5 46. h6 Ng5 47. d6 f4+ 48. Kd3 Kxd6 49. h7 Nxh7 50. Ke4 f3 51. Kxf3 Ke6 52.
Ke3 Nf6 53. Kd3 Kd7 54. a4 b6 55. Kc3 a5 56. c5 axb4+ 57. Kxb4 1/2-1/2

[Event "SVK 3.liga A2"]
[Site "?"]
[Date "2019.10.06"]
[Round "1.2"]
[White "Bahna, Jan"]
[Black "Pericka, Pavol"]
[Result "0-1"]
[WhiteElo "1808"]
[BlackElo "1819"]
[PlyCount "48"]
[EventDate "2019.10.06"]

1. e4 e5 2. Nf3 Nc6 3. Bb5 a6 4. Ba4 Nf6 5. O-O Be7 6. Re1 b5 7. Bb3 O-O 8. c3
d5 9. exd5 Nxd5 10. Nxe5 Nxe5 11. Rxe5 Nf6 12. d4 Bd6 13. Re1 Ng4 14. h3 Qh4
15. Qf3 h5 16. Bf4 Nxf2 17. Bxd6 Nxh3+ 18. Kf1 Bg4 19. Bg3 Qg5 20. Qe3 Qf6+ 21.
Bf2 Rae8 22. Qd2 Ng5 23. Bc2 Nf3 24. gxf3 Qxf3 0-1

[Event "SVK 3.liga A2"]
[Site "?"]
[Date "2019.10.06"]
[Round "1.3"]
[White "Sahidi, Samir"]
[Black "Sebesta, Radovan"]
[Result "1/2-1/2"]
[WhiteElo "2374"]
[BlackElo "1999"]
[PlyCount "183"]
[EventDate "2019.10.06"]

1. e4 c5 2. Nf3 Nc6 3. d4 cxd4 4. Nxd4 g6 5. Nc3 Bg7 6. Be3 Nf6 7. Bc4 O-O 8.
Bb3 d6 9. f3 Bd7 10. Qd2 Na5 11. O-O Nxb3 12. axb3 a6 13. Nd5 Rc8 14. c4 Nxd5
15. exd5 Re8 16. Rfe1 Qc7 17. Bf2 Rb8 18. Rac1 Bf6 19. b4 e5 20. dxe6 fxe6 21.
Ne2 Rbd8 22. Nc3 Bg7 23. Ne4 Bc6 24. Ng5 Qd7 25. Bd4 e5 26. Bb6 Rc8 27. Red1
Qf5 28. b5 Bh6 29. bxc6 Bxg5 30. Qd5+ Qf7 31. cxb7 Qxd5 32. bxc8=Q Qxd1+ 33.
Rxd1 Rxc8 34. Rxd6 Rxc4 35. b3 Rb4 36. Bc5 Rxb3 37. Rxa6 Rb5 38. Ba7 Kf7 39.
Ra2 Rb7 40. Kf2 Be7 41. Be3 Rb3 42. Re2 Ba3 43. Re1 Bd6 44. h3 h5 45. Rc1 Rb2+
46. Kg1 Rb3 47. Bf2 Rd3 48. Re1 Ra3 49. Bg3 Ra5 50. Re4 Kf6 51. Kh2 Rb5 52. Ra4
Rb6 53. Ra8 Kf7 54. h4 Rc6 55. Ra4 Kf6 56. Kh3 Rb6 57. Bf2 Rc6 58. Be3 Rc3 59.
Bh6 Ra3 60. Rc4 Ra1 61. g3 Ra6 62. Rc8 Ra3 63. Rd8 Rd3 64. Kg2 Ke6 65. Rc8 Rb3
66. Bg5 Rb8 67. Rc2 Rb3 68. Ra2 Ra3 69. Rb2 Ra6 70. Rb7 Ra2+ 71. Kh3 Ra3 72.
Kg2 Ra2+ 73. Kf1 Bc5 74. Rc7 Bd4 75. Rg7 Rf2+ 76. Kg1 Rxf3+ 77. Kg2 Rf2+ 78.
Kh3 e4 79. Rxg6+ Kd5 80. Rh6 Rf5 81. Rxh5 e3 82. Kg4 e2 83. Bd2 Rxh5 84. Kxh5
Bf2 85. g4 Ke6 86. g5 Kf7 87. g6+ Kg8 88. Kg4 e1=Q 89. Bxe1 Bxe1 90. h5 Kg7 91.
Kg5 Bd2+ 92. Kf5 1/2-1/2

[Event "SVK 3.liga A2"]
[Site "?"]
[Date "2019.10.06"]
[Round "1.3"]
[White "Huska, Branislav"]
[Black "Takacs, Laszlo"]
[Result "1/2-1/2"]
[WhiteElo "1849"]
[BlackElo "2249"]
[PlyCount "132"]
[EventDate "2019.10.06"]

1. e4 c5 2. Nf3 d6 3. d4 cxd4 4. Nxd4 Nf6 5. Nc3 a6 6. Bg5 e6 7. f4 Nbd7 8. Qf3
Qc7 9. O-O-O b5 10. Bxb5 axb5 11. Ndxb5 Qb6 12. Bxf6 Nxf6 13. e5 Bb7 14. Qe2
dxe5 15. Qxe5 Rc8 16. Rhe1 Be7 17. f5 O-O 18. fxe6 fxe6 19. Qxe6+ Qxe6 20. Rxe6
Bc5 21. Nd6 Bxd6 22. Rexd6 Bxg2 23. a4 Ne4 24. Nxe4 Bxe4 25. c3 Ra8 26. b3 Bf5
27. Kb2 Kf7 28. Re1 Rfb8 29. Re5 g6 30. Rd4 Kf6 31. Rc5 Re8 32. Rd2 h5 33. h4
Re4 34. Rd6+ Be6 35. Rd4 Rxd4 36. cxd4 Rd8 37. Kc3 Bd5 38. b4 g5 39. hxg5+ Kxg5
40. b5 h4 41. b6 Kg4 42. Rc7 h3 43. Rg7+ Kf3 44. Rh7 Kg2 45. Rg7+ Kh1 46. a5
Rb8 47. Kb4 Bg2 48. Kb5 h2 49. a6 Kg1 50. Rh7 Bf1+ 51. Ka5 Ra8 52. Rg7+ Bg2 53.
b7 Rxa6+ 54. Kxa6 h1=Q 55. b8=Q Qh6+ 56. Qb6 Qxg7 57. d5+ Kh1 58. d6 Bf1+ 59.
Ka5 Qa1+ 60. Kb4 Qb2+ 61. Kc5 Qc3+ 62. Kd5 Bc4+ 63. Kc6 Be6+ 64. Kb7 Bd5+ 65.
Kb8 Qh8+ 66. Kc7 Qc3+ 1/2-1/2

[Event "SVK 3.liga A2"]
[Site "?"]
[Date "2019.10.06"]
[Round "1.3"]
[White "Cibulka, Vladimir"]
[Black "Lanik, Miroslav"]
[Result "1-0"]
[WhiteElo "2136"]
[BlackElo "1848"]
[PlyCount "85"]
[EventDate "2019.10.06"]

1. d4 d5 2. Nf3 Nf6 3. Bg5 e6 4. e3 Nbd7 5. Nbd2 Be7 6. Bd3 b6 7. O-O Bb7 8.
Ne5 Nxe5 9. dxe5 Nd7 10. Bxe7 Qxe7 11. f4 O-O 12. Qh5 f5 13. g4 g6 14. Qh3 Nc5
15. Be2 Rf7 16. gxf5 exf5 17. Rf2 Rg7 18. Nf3 Ne6 19. Nd4 Rd8 20. c3 a6 21. Rd1
Nxd4 22. exd4 c5 23. Rg2 b5 24. Qg3 Kh8 25. h4 Rdg8 26. Qg5 Qxg5 27. Rxg5 h6
28. Rg3 g5 29. hxg5 hxg5 30. Rxg5 Rxg5+ 31. fxg5 Rxg5+ 32. Kf2 c4 33. Bf3 Kg7
34. Rh1 Bc6 35. Ke3 a5 36. Kf4 Rg6 37. Rh5 b4 38. Rg5 Kh6 39. Rh5+ Kg7 40. Rxf5
Bd7 41. Rg5 Be6 42. Bh5 Rxg5 43. Kxg5 1-0

[Event "SVK 3.liga A2"]
[Site "?"]
[Date "2019.10.06"]
[Round "1.3"]
[White "Palka, Martin"]
[Black "Blaho, Stefan"]
[Result "0-1"]
[WhiteElo "1846"]
[BlackElo "2058"]
[PlyCount "51"]
[EventDate "2019.10.06"]

1. Nf3 d5 2. e3 Nf6 3. c4 c6 4. d4 Bf5 5. Nc3 e6 6. Be2 h6 7. O-O Nbd7 8. b3
Bd6 9. Bb2 O-O 10. cxd5 exd5 11. Nd2 Re8 12. Re1 Re6 13. Nf1 Ne4 14. f3 Nxc3
15. Bxc3 Qh4 16. Bd3 Bxd3 17. Qxd3 Rae8 18. Qd2 Qe7 19. Qf2 f5 20. Rad1 g6 21.
g3 Nf6 22. Qg2 Kh7 23. Re2 g5 24. Rd3 Qf7 25. Nd2 Qg6 26. Nf1 0-1

[Event "SVK 3.liga A2"]
[Site "?"]
[Date "2019.10.06"]
[Round "1.3"]
[White "Viczencz, Peter"]
[Black "Tokos, Rastislav"]
[Result "1-0"]
[WhiteElo "1995"]
[BlackElo "1778"]
[PlyCount "92"]
[EventDate "2019.10.06"]

1. e4 c5 2. Nf3 Nc6 3. d4 cxd4 4. Nxd4 Nf6 5. Nc3 d6 6. Be2 Bd7 7. Be3 g6 8.
Qd2 Bg7 9. O-O-O O-O 10. Kb1 Ng4 11. Bxg4 Bxg4 12. f3 Bd7 13. h4 Nxd4 14. Bxd4
Be6 15. h5 Bxd4 16. Qxd4 Qb6 17. Qd2 Rac8 18. Qh6 g5 19. Qxg5+ Kh8 20. Qxe7 Qd8
21. Qxd6 Qxd6 22. Rxd6 Kg7 23. Nd5 Rcd8 24. h6+ Kg6 25. Nf4+ Kf6 26. Rhd1 Rxd6
27. Rxd6 Rg8 28. Nxe6 fxe6 29. Rd7 Rxg2 30. Kc1 Rf2 31. Rxh7 Kg5 32. Rxb7 Kf4
33. Rxa7 Ke3 34. Ra3+ Ke2 35. c4 Rh2 36. c5 Rxh6 37. c6 Rh1+ 38. Kc2 Rh8 39. c7
e5 40. Rc3 Rc8 41. b4 Kf2 42. b5 Kg3 43. b6 Ra8 44. b7 Rg8 45. b8=Q Kf4 46.
c8=Q Rg2+ 1-0

[Event "SVK 3.liga A2"]
[Site "?"]
[Date "2019.10.06"]
[Round "1.3"]
[White "Lauko, Tomas"]
[Black "Bugar, Peter"]
[Result "0-1"]
[WhiteElo "1729"]
[BlackElo "1974"]
[PlyCount "38"]
[EventDate "2019.10.06"]

1. e4 e6 2. Nc3 d5 3. exd5 exd5 4. d4 Nf6 5. Bg5 c6 6. Qe2+ Be6 7. O-O-O Be7 8.
h3 b5 9. g4 O-O 10. f4 Re8 11. Nf3 Qa5 12. Re1 b4 13. Bxf6 Bxf6 14. f5 bxc3 15.
fxe6 Rxe6 16. Ne5 Qxa2 17. bxc3 Bg5+ 18. Qe3 Bxe3+ 19. Rxe3 f6 0-1

[Event "SVK 3.liga A2"]
[Site "?"]
[Date "2019.10.06"]
[Round "1.3"]
[White "Simonics, Peter"]
[Black "Bendzela, Tibor"]
[Result "1-0"]
[WhiteElo "2072"]
[BlackElo "1633"]
[PlyCount "67"]
[EventDate "2019.10.06"]

1. e4 d5 2. exd5 Qxd5 3. Nc3 Qa5 4. d4 c6 5. Nf3 Bg4 6. h3 Bh5 7. g4 Bg6 8. Ne5
e6 9. Bd3 Nf6 10. Bd2 Qc7 11. Bf4 Qa5 12. O-O Bxd3 13. Qxd3 Bb4 14. a3 Bxc3 15.
Nc4 Qa6 16. Nd6+ Kf8 17. Qxc3 Nbd7 18. Qf3 Kg8 19. c4 Ne8 20. Qc3 Nxd6 21. Bxd6
h6 22. f4 b6 23. f5 Re8 24. Rae1 Rh7 25. b3 Qc8 26. fxe6 fxe6 27. Qf3 Nf6 28.
Be5 Rf8 29. Bxf6 Rxf6 30. Qe4 Rxf1+ 31. Kxf1 c5 32. d5 exd5 33. Qxd5+ Kh8 34.
Qf7 1-0

[Event "SVK 3.liga A2"]
[Site "?"]
[Date "2019.10.06"]
[Round "1.3"]
[White "Dest, Stanislav"]
[Black "Matis, Tibor"]
[Result "0-1"]
[WhiteElo "1539"]
[BlackElo "1875"]
[PlyCount "80"]
[EventDate "2019.10.06"]

1. d4 Nf6 2. Nf3 g6 3. Bg5 Bg7 4. Nbd2 d5 5. e3 O-O 6. Be2 c5 7. O-O cxd4 8.
exd4 h6 9. Bh4 Nc6 10. c3 Ne4 11. Nxe4 dxe4 12. Nd2 f5 13. f4 exf3 14. Bxf3 g5
15. Bf2 Be6 16. Re1 Bf7 17. Nb3 g4 18. Bxc6 bxc6 19. Nc5 Qd6 20. Bh4 e5 21. Qc1
Rfe8 22. Nb3 Bxb3 23. axb3 exd4 24. Rxe8+ Rxe8 25. Bg3 Qd5 26. c4 Qd7 27. Bf4
Kh7 28. Qd2 d3 29. Re1 Rxe1+ 30. Qxe1 Qd4+ 31. Be3 Qxb2 32. Qf1 Qa1 33. Qxa1
Bxa1 34. Bd2 Bd4+ 35. Kf1 Kg6 36. g3 h5 37. Ke1 Kf6 38. Kf1 Ke5 39. Kg2 Ke4 40.
h3 Be3 0-1

[Event "SVK 3.liga A2"]
[Site "?"]
[Date "2019.10.06"]
[Round "1.4"]
[White "Liptak, Tomas"]
[Black "Koutny, Petr"]
[Result "1/2-1/2"]
[WhiteElo "2194"]
[BlackElo "2245"]
[PlyCount "135"]
[EventDate "2019.10.06"]

1. e4 c5 2. Nf3 d6 3. c3 Nf6 4. Bd3 Nc6 5. Bc2 Bg4 6. h3 Bh5 7. d3 e6 8. Nbd2
Be7 9. Nf1 d5 10. Ng3 Bg6 11. Qe2 Qc7 12. Bg5 O-O-O 13. e5 Nh5 14. Bxe7 Qxe7
15. Nxh5 Bxh5 16. g4 Bg6 17. O-O-O h5 18. d4 Bxc2 19. Kxc2 Kb8 20. Qe3 cxd4 21.
Nxd4 Nxd4+ 22. Qxd4 Rc8 23. Qe3 hxg4 24. hxg4 Rxh1 25. Rxh1 Qb4 26. Qe2 d4 27.
Rh3 Qa4+ 28. Kb1 dxc3 29. Rxc3 Rh8 30. Rc1 Rd8 31. Qc4 Qd7 32. a3 a6 33. f4 g6
34. g5 Qd3+ 35. Ka2 Qxc4+ 36. Rxc4 b5 37. Re4 Rd3 38. Kb1 Rd2 39. a4 Kb7 40.
axb5 axb5 41. Kc1 Rf2 42. Rd4 Kc6 43. b4 Rh2 44. Kb1 Kc7 45. Kc1 Ra2 46. Kb1
Ra6 47. Kc2 Rc6+ 48. Kd3 Rc1 49. Kd2 Rf1 50. Kc2 Rf2+ 51. Kd3 Rf3+ 52. Kd2 Rh3
53. Kc2 Rh8 54. Kc3 Ra8 55. Kd3 Ra6 56. Kc3 Rc6+ 57. Kd3 Kc8 58. Kd2 Rc7 59.
Kd3 Kb7 60. Kd2 Re7 61. Kd3 Kc7 62. Rd6 Rd7 63. Rxd7+ Kxd7 64. Kd4 Kc6 65. Ke4
Kd7 66. Kd3 Kc7 67. Ke4 Kd7 68. Kd3 1/2-1/2

[Event "SVK 3.liga A2"]
[Site "?"]
[Date "2019.10.06"]
[Round "1.4"]
[White "Kucharek, Jaroslav"]
[Black "Liptak, Dusan"]
[Result "1/2-1/2"]
[WhiteElo "2048"]
[BlackElo "2137"]
[Annotator ",Jozef"]
[PlyCount "101"]
[EventDate "2019.10.06"]

1. c4 Nf6 2. Nc3 g6 3. e4 d6 4. d4 Bg7 5. f3 O-O 6. Bg5 Nbd7 7. Qd2 c6 8. Nh3
a6 9. a4 e5 10. dxe5 dxe5 11. Nf2 Nc5 12. Qxd8 Rxd8 13. b4 Nb3 14. Rb1 Nd4 15.
Bd3 a5 16. b5 Ne6 17. Be3 Nf4 18. Bf1 Bf8 19. g3 Bb4 20. Bd2 Ne6 21. Nd3 Nd4
22. Kf2 Be6 23. Nxb4 axb4 24. Bg5 bxc3 25. Bxf6 Rd7 26. Bxe5 c2 27. Rc1 Rxa4
28. Bxd4 Rxd4 29. Rxc2 c5 30. Be2 Bxc4 31. b6 $11 Bxe2 32. Kxe2 Rdb4 33. Rhc1
c4 34. Ke3 h5 35. Kd4 Rxb6 36. Rxc4 Rxc4+ 37. Rxc4 Rb2 38. Ke5 $11 Kg7 39. Rc7
Rb5+ 40. Kd4 Rb2 41. e5 Kf8 42. Ke4 Rb4+ 43. Ke3 b5 44. Rb7 Ke8 45. h4 Kf8 46.
Kd3 $11 Rb1 47. Ke3 Rb4 48. Kd3 Ke8 49. Ke3 Kf8 50. Kd3 Ke8 51. Ke3 $11 1/2-1/2